Gemeinden des Bezirks Aarau - Statistiken

Allgemein
  • Dieses Quiz wurde 52 mal gespielt
  • Das Durchschnittsergebnis liegt bei 9 aus 12
Antwortstatistiken
Einwohner Antwort % Korrekt
21'807 Aarau
100%
10'968 Suhr
96%
8'319 Buchs
92%
6'547 Küttigen
80%
1'624 Biberstein
76%
4'473 Erlinsbach
76%
8'760 Oberentfelden
76%
4'391 Unterentfelden
76%
8'432 Gränichen
72%
4'049 Muhen
60%
1'685 Hirschthal
52%
743 Densbüren
36%
Keine übereinstimmenden Quizze gefunden
Verteilung der Resultate
Anzahl Personen mit jedem Resultat
Perzentil nach korrekt beantworteten Fragen
Ihre Resultats-Entwicklung
Sie haben dieses Quiz noch nicht gespielt